Inovácie v ekonomickom vzdelávaní zborník príspevkov z medzinárodnej vedeckej konferencie Katedry pedagogiky Národohospodárskej fakulty Ekonomickej univerzity v Bratislave pod záštitou dekana NHF EU v Bratislave prof. Ing. Jána Lisého, PhD

Enregistré dans:
Détails bibliographiques
Collectivités auteurs: Inovácie v ekonomickom vzdelávaní. Medzinárodná vedecká konferencia, Národohospodárska fakulta EU. Katedra pedagogiky
Format: Livre
Langue:slovaque
tchèque
Publié: Bratislava [Katedra pedagogiky NHF EU] 2007
Sujets:
Tags: Ajouter un tag
Pas de tags, Soyez le premier à ajouter un tag!

MARC

LEADER 00000nlm$a2200000$$$4500
001 0072082
005 20240429090131.6
020 |a 978-80-225-2431-5 
041 0 |a slo 
041 0 |a cze 
044 |a SK 
245 1 0 |a Inovácie v ekonomickom vzdelávaní  |b zborník príspevkov z medzinárodnej vedeckej konferencie Katedry pedagogiky Národohospodárskej fakulty Ekonomickej univerzity v Bratislave pod záštitou dekana NHF EU v Bratislave prof. Ing. Jána Lisého, PhD 
264 1 |a Bratislava  |b [Katedra pedagogiky NHF EU]  |c 2007 
300 |a CD-ROM 
610 2 0 |a vzdelávanie vysokoškolské 
610 2 0 |a ekonómia 
610 2 0 |a inovácia 
610 2 0 |a firmy 
610 2 0 |a pedagogika 
110 2 |a Inovácie v ekonomickom vzdelávaní. Medzinárodná vedecká konferencia 
710 2 |a Národohospodárska fakulta EU. Katedra pedagogiky